000 00390nam a2200157Ia 4500
008 221030s9999 xx 000 0 und d
020 _a8187336307
041 _aEnglish
082 _a105.23
_bUpp
100 _aD. Upprati
245 0 _aAdvanced Dictionary of Mathematics
_cby D. Upprati
260 _bDominant Pub
_aNew Delhi
_c1999
300 _a231
650 _aDictionary
942 _cBK
999 _c6698
_d6698